| 000 | 00317nam a2200097Ia 4500 | ||
|---|---|---|---|
| 082 | _a361.6096822 SOUT | ||
| 245 | 0 | _aSouth Africa's magnifying glass : a profile of Gauteng province | |
| 100 |
_a Kok, Pieter Pretoria, South Africa, 1998 _981822 |
||
| 942 | _cBK | ||
| 008 | 210817s9999 xx 000 0 und d | ||
| 999 |
_c371266 _d371265 |
||